Best Militaries In NATO - Statistics

General Stats
  • This quiz has been taken 68 times
  • The average score is 9 of 10
Answer Stats
Power Index Country % Correct
0.0744 United States
100%
0.1878 France
97%
0.2601 Germany
97%
0.5179 Canada
95%
0.1785 United Kingdom
95%
0.3242 Spain
94%
0.2164 Italy
90%
0.3776 Poland
90%
0.4835 Sweden
76%
0.1902 Turkey
73%
No matching quizzes found
Score Distribution
Percent of People with Each Score
Percentile by Number Answered
Your Score History
You have not taken this quiz